Upkar's modern general knowledge : (Record no. 61684)

MARC details
000 -LEADER
fixed length control field 00845nam a22001937a 4500
005 - DATE AND TIME OF LATEST TRANSACTION
control field 2012013007197.0
020 ## - INTERNATIONAL STANDARD BOOK NUMBER
Terms of availability 130.00
035 ## - SYSTEM CONTROL NUMBER
System control number B-131859
082 ## - DEWEY DECIMAL CLASSIFICATION NUMBER
Classification number 000
100 ## - MAIN ENTRY--PERSONAL NAME
Personal name Ganesh Kumar
245 ## - TITLE STATEMENT
Title Upkar's modern general knowledge :
Remainder of title useful for various competitive examinations /
Statement of responsibility, etc by Ganesh Kumar
260 ## - PUBLICATION, DISTRIBUTION, ETC. (IMPRINT)
Place of publication, distribution, etc Agra
Name of publisher, distributor, etc Upkar Prakashan
Date of publication, distribution, etc 2006
270 ## - ADDRESS
City Agra
Postal code 282002
Telephone number 2530966, 2531101, 3208693/94
Fax number (0562)4031570
Electronic mail address publisher@upkar.in
300 ## - PHYSICAL DESCRIPTION
Extent vii,380p.
Dimensions 24cm.(pbk)
942 ## - ADDED ENTRY ELEMENTS (KOHA)
Source of classification or shelving scheme Dewey Decimal Classification
Item type English Books
Classification part 000
Call number suffix GAN
Holdings
Withdrawn status Lost status Not for loan Collection code Home library Current library Date acquired Cost, normal purchase price Full call number Barcode Cost, replacement price Koha item type
      Non-fiction Sarojini Nagar Sarojini Nagar 30/01/2012 130.00 000 GAN B-131859 130.00 English Books

© Delhi Public Library
Hit Counter
free hit counter